000 00564nam a2200193Ia 4500
008 151119s9999||||xx |||||||||||||| ||und||
082 _a891.463नागपु/गुंता
082 _bGKKV32796
100 _aनागपुरे रमेश
245 _aगुंता
260 _aठाणे
260 _bरेवा प्रकाशन
260 _c2013
600 _aनागपुरे रमेश
630 _aगुंता
700 _aनागपुरे रमेश
730 _aगुंता
942 _cBOOK
999 _c1085097
_d1085094